| 000 | 005560000a22002170004500 | ||
|---|---|---|---|
| 003 | LK-CoMWRAF | ||
| 005 | 20230906101355.0 | ||
| 008 | 230817t1985 ||||| |||| 00| 0 eng d | ||
| 020 | _a0099552515 | ||
| 040 |
_aLK-CoMWRAF _dLK-CoMWRAF _eLK-CoMWRAF |
||
| 041 | _aeng | ||
| 082 |
_a616.89 _bHAR |
||
| 100 | _aHarris, Amy Bjork | ||
| 110 | _aHarris, Thomas A. | ||
| 245 | _aStaying OK : | ||
| 260 |
_aLondon : _bArrow Books, _c1995 |
||
| 300 | _a297p | ||
| 500 | _aThe long-awaited to the multimillion-bestseller | ||
| 650 | _aCounseling | ||
| 942 | _cBK | ||
| 999 |
_c525 _d525 |
||